Bolaño antes de Bolaño: diario de una residencia en México, 1971-1972

Saved in:
書目詳細資料
主要作者: Quezada, Jaime (Author)
格式: 圖書
語言:西班牙语
出版: Santiago Catalonia 2007
版:1a. ed
主題:
標簽: 添加標簽
沒有標簽, 成為第一個標記此記錄!

MARC

LEADER 00000cam a2200000 a 4500
001 UCF3733
003 CL-VaPUC
008 121031e20070000CL |||||||||||||||||spa|d
020 |a 9789568303693 
082 0 4 |a Ch860.9  |b QUE  |2 21 
100 0 |a Quezada, Jaime  |e author  |9 458969 
245 1 0 |a Bolaño antes de Bolaño: diario de una residencia en México, 1971-1972 
250 |a 1a. ed 
300 |a 126 p 
942 |c BK 
945 |d 20121031 00:00:00  |a cmena 
260 |a Santiago  |b Catalonia  |c 2007 
600 0 7 |a BOLAÑO, ROBERTO  |2 CL-VaPUC  |9 559163 
650 0 |a Literatura chilena   |9 308278 
650 0 |a Crítica e interpretación literaria  |9 266284 
650 0 |a Biografías  |9 255210 
583 |a last modification  |c 20121031 10:09:00  |k Rodrigo Vera 
999 |c 349893  |d 349891 
952 |0 0  |1 0  |4 0  |6 CH_860_900000000000000_QUE_2007  |7 0  |8 A  |9 452773  |a FDOPOS  |b FDOPOS  |d 2019-11-22  |i 4814126  |o Ch860.9 QUE 2007  |p 4814126  |r 2025-01-22  |w 2019-11-22  |y BK  |k DLH